MARC

LEADER 00000nam0a2200000 4500
001 147105
005 20231031144917.0
035 |a (RuTPU)RU\TPU\book\159449 
090 |a 147105 
100 |a 20081108d1962 k y0rusy50 ca 
101 1 |a rus  |c eng 
102 |a RU 
105 |a a z 001zy 
200 1 |a Физическое металловедение урана  |e пер. с англ.  |f А. Н. Холден  |g под ред. А. Г. Спектора 
210 |a Москва  |c Металлургиздат  |d 1962 
215 |a 268 с.  |c ил. 
320 |a Библиогр. в конце гл. 
610 1 |a уран 
610 1 |a металловедение 
610 1 |a сплавы 
610 1 |a кристаллография 
610 1 |a физические свойства 
610 1 |a химические свойства 
610 1 |a механические свойства 
610 1 |a деформация 
610 1 |a фазовые превращения 
610 1 |a радиационные превращения 
610 1 |a тепловыделение 
675 |a 621.7м229  |v 3 
700 1 |a Холден  |b А. Н. 
702 1 |a Спектор  |b А. Г.  |4 340 
801 1 |a RU  |b 63413507  |c 20081108  |g PSBO 
801 2 |a RU  |b 63413507  |c 20221124  |g PSBO 
942 |c BK